|
|
|
|
| LEADER |
00000nam0a2200000 4500 |
| 001 |
26162 |
| 005 |
20231030201502.0 |
| 010 |
|
|
|a 5217010290
|
| 035 |
|
|
|a (RuTPU)RU\TPU\book\26403
|
| 035 |
|
|
|a BOOK00000306
|
| 090 |
|
|
|a 26162
|
| 100 |
|
|
|a 20011209d1993 m y0rusy50 ca
|
| 101 |
0 |
|
|a rus
|
| 102 |
|
|
|a RU
|
| 105 |
|
|
|a а j 000zy
|
| 200 |
1 |
|
|a Чертежи для деталирования
|e учебное пособие для вузов
|f П. Е. Аксарин
|
| 205 |
|
|
|a 2-е изд., доп.
|
| 210 |
|
|
|a Москва
|c Машиностроение
|d 1993
|
| 215 |
|
|
|a 160 с.
|c ил.
|
| 610 |
1 |
|
|a черчение
|
| 610 |
1 |
|
|a машиностроительное черчение
|
| 610 |
1 |
|
|a чертежи
|
| 610 |
1 |
|
|a деталирование
|
| 610 |
1 |
|
|a альбомы
|
| 610 |
1 |
|
|a учебные пособия
|
| 675 |
|
|
|a 744:621(075.8)
|v 3
|
| 700 |
|
1 |
|a Аксарин
|b П. Е.
|g Павел Евдокимович
|
| 801 |
|
0 |
|a RU
|b 63413507
|c 20011209
|g PSBO
|
| 801 |
|
2 |
|a RU
|b 63413507
|c 20201113
|g PSBO
|
| 942 |
|
|
|c BK
|